¿Cómo interpretan el envejecimiento activo las personas mayores en España?: evidencias desde una perspectiva no profesional (Record no. 195552)

MARC details
000 -CABECERA
campo de control de longitud fija 02654nab a2200337 a 4500
005 - FECHA Y HORA DE LA ÚLTIMA TRANSACCIÓN
campo de control 20250224092020.0
008 - ELEMENTOS DE LONGITUD FIJA--INFORMACIÓN GENERAL
campo de control de longitud fija 991125c2018 sp qr p o 000 0 spa d
035 ## - NÚMERO DE CONTROL DEL SISTEMA
Número de control de sistema UPN01000223455
040 ## - FUENTE DE LA CATALOGACIÓN
Centro catalogador/agencia de origen UPN
Lengua de catalogación spa
Centro/agencia transcriptor UPN
Normas de descripción aacr2
049 ## - COLECCIÓN
Colección ART-E
100 1# - ASIENTO PRINCIPAL--NOMBRE PERSONAL
Nombre de persona Rodríguez Rodríguez, Vicente
Enlace - vicente.rodriguez@cchs.csic.es
100 1# - ASIENTO PRINCIPAL--NOMBRE PERSONAL
Nombre de persona Rojo Pérez, Fermina
100 1# - ASIENTO PRINCIPAL--NOMBRE PERSONAL
Nombre de persona Fernández Mayoralas, Gloria
100 1# - ASIENTO PRINCIPAL--NOMBRE PERSONAL
Nombre de persona Prieto Flores, María Eugenia
245 10 - MENCIÓN DE TÍTULO
Título ¿Cómo interpretan el envejecimiento activo las personas mayores en España?: evidencias desde una perspectiva no profesional
Medio [recurso electrónico en línea]
506 0# - NOTA DE RESTRICCIONES AL ACCESO
Limitaciones de acceso Acceso abierto
520 3# - NOTA DE RESUMEN, ETC.
Sumario, etc. La población española está envejeciendo lo que, unido a una mejora de condiciones de vida, hace aumentar las posibilidades de desarrollar un envejecimiento activo. Investigadores y agentes sociales han intentado medirlo, a pesar de su dificultad. Este trabajo pretende analizar cómo las personas mayores en España construyen su envejecimiento activo, evaluando sus dimensiones, factores y efectos en su estilo de vida. Los datos cuantitativos proceden de la Encuesta Piloto del Estudio Longitudinal Envejecer en España (ELES-EP). Se complementan con 7 grupos focales a 50 personas de 50 y más años, participantes en ELES-EP, y 10 entrevistas en profundidad con responsables de organizaciones de la sociedad civil de personas mayores. Analizados con ATLAS.ti, aportan una visión no profesional sobre el envejecimiento activo. Los resultados muestran que estas personas en España no definen claramente el envejecimiento activo, pero identifican factores condicionantes relacionados con el pilar “participación”, las actividades principales (personales, culturales y sociales, de disfrute de tiempo libre, de participación en iniciativas sociales) y los beneficios que consiguen. Esta visión no profesional puede ser así comparada con la identificada en la literatura científica. Estudios futuros deberían encaminarse a obtener las claves para la conceptualización del envejecimiento activo por los propios protagonistas.
650 #2 - ASIENTO SECUNDARIO DE MATERIA - TERMINO TEMATICO
9 (RLIN) 27578
Término de materia o nombre geográfico como elemento de entrada Adultos mayores
650 #2 - ASIENTO SECUNDARIO DE MATERIA - TERMINO TEMATICO
9 (RLIN) 10712
Término de materia o nombre geográfico como elemento de entrada Estilo de vida
650 #4 - ASIENTO SECUNDARIO DE MATERIA - TERMINO TEMATICO
Término de materia o nombre geográfico como elemento de entrada Aprendizaje
9 (RLIN) 2861
650 #0 - ASIENTO SECUNDARIO DE MATERIA - TERMINO TEMATICO
9 (RLIN) 11989
Término de materia o nombre geográfico como elemento de entrada Abuelos y nietos
653 0# - TERMINO DE INDIZACION - NO CONTROLADO
Término no controlado Envejecimiento activo
653 0# - TERMINO DE INDIZACION - NO CONTROLADO
Término no controlado Participación
653 0# - TERMINO DE INDIZACION - NO CONTROLADO
Término no controlado Actividades
773 ## - ENLACE AL DOCUMENTO FUENTE/ENTRADA DE REGISTRO ANFITRIÓN
Parte(s) relacionada(s) Vol. 47, no. 1 (2018), p. 67-78
Título Aula abierta (España)
Número Internacional Normalizado para Publicaciones Seriadas 0210-2773
856 4# - LOCALIZACIÓN Y ACCESO ELECTRÓNICOS
Identificador Uniforme del Recurso <a href="https://reunido.uniovi.es/index.php/AA/article/view/12637">https://reunido.uniovi.es/index.php/AA/article/view/12637</a>
856 4# - LOCALIZACIÓN Y ACCESO ELECTRÓNICOS
Identificador Uniforme del Recurso <a href="https://doi.org/10.17811/rifie.47.1.2018.63-66">https://doi.org/10.17811/rifie.47.1.2018.63-66</a>
902 ## - ELEMENTOS DE DATOS B LOCAL, LDB (RLIN)
Creó Gloria Jiménez/0224
905 ## - TIPO DE MATERIAL
Tipo de material Articulo
942 ## - ELEMENTOS DE PUNTO DE ACCESO ADICIONAL (KOHA)
Tipo de ítem Koha Artículo Electrónico
Holdings
Estado de retiro Estado de pérdida Estado dañado No para préstamo Código de colección Localización permanente Ubicación/localización actual Ubicación en estantería Fecha de adquisición Total de préstamos Fecha visto por última vez Identificador Uniforme del Recurso Precio válido a partir de Tipo de ítem Koha
        Acceso abierto Bib. Gregorio Torres Quintero Bib. Gregorio Torres Quintero En línea 12/02/2024   12/02/2024 https://doi.org/10.17811/rifie.47.1.2018.63-66 12/02/2024 Artículo Electrónico